KOHA-Header-6

Sukkar Guzari Ka Jaddu (Record no. 2424)

000 -LEADER
fixed length control field 00267nam a2200109Ia 4500
008 - FIXED-LENGTH DATA ELEMENTS--GENERAL INFORMATION
fixed length control field 190802s9999 xx 000 0 und d
100 ## - MAIN ENTRY--PERSONAL NAME
Personal name Prof. Zahid Mehmood
245 #0 - TITLE STATEMENT
Title Sukkar Guzari Ka Jaddu
260 ## - PUBLICATION, DISTRIBUTION, ETC. (IMPRINT)
Place of publication, distribution, etc Lahore
Name of publisher, distributor, etc Dar-ul-Shaoor
Date of publication, distribution, etc 2017
300 ## - PHYSICAL DESCRIPTION
Extent 256:p
942 ## - ADDED ENTRY ELEMENTS (KOHA)
Koha item type Books
Holdings
Withdrawn status Lost status Damaged status Not for loan Collection code Permanent Location Current Location Shelving location Date acquired Total Checkouts Full call number Barcode Date last seen Date checked out Price effective from Koha item type
        Urdu Literature MAJU MAJU   2019-08-03 2 891.43 9047 2024-12-22 2023-10-03 2019-08-03 Urdu Literature

Powered by Koha